[Event "Pierrevert op"]
[Site "Pierrevert"]
[Date "2004.??.??"]
[Round "?"]
[White "Conevin, Bruno"]
[Black "Jean, Claude"]
[Result "0-1"]
[WhiteElo "1610"]
[BlackElo "2220"]
[PlyCount "52"]
[EventDate "2004.??.??"]
[EventType "swiss (rapid)"]
[EventRounds "9"]
[EventCountry "FRA"]
[SourceTitle "EXT 2005"]
[Source "ChessBase"]
[SourceDate "2004.11.15"]
[SourceVersion "1"]
[SourceVersionDate "2004.11.15"]
[SourceQuality "1"]

1. b3 e5 2. Bb2 d6 3. h3 f5 4. d3 Nf6 5. Nd2 Be7 6. Ngf3 0-0 7. e3 c5 8. Be2 Nc6 9. Nh2 d5 10. Bf3 e4 11. Be2 Qc7 12. c4 d4 13. exd4 cxd4 14. dxe4 fxe4 15. Ng4 e3 16. Nf3 Bxg4 17. hxg4 Ne4 18. Bd3 exf2+ 19. Kf1 Ng3+ 20. Kxf2 Nxh1+ 21. Qxh1 g6 22. Qh6 Ne5 23. Rd1 Nxg4+ 24. Ke2 Nxh6 25. Bxd4 Nf5 26. Bf2 Rad8 0-1